Notas sobre la austera vida de Don Pascual Baburizza S.: El carácter vigoroso de su raza, su acendrado patriotismo, su devoción al trabajo y su gratitud para Chile
שמור ב:
| מחבר ראשי: | |
|---|---|
| פורמט: | ספר |
| שפה: | ספרדית |
| יצא לאור: |
Santiago
Imprenta Universo
1967
|
| מהדורה: | 1a. ed |
| נושאים: | |
| תגים: |
הוספת תג
אין תגיות, היה/י הראשונ/ה לתייג את הרשומה!
|
MARC
| LEADER | 00000nam a2200000 a 4500 | ||
|---|---|---|---|
| 001 | UCJ5420 | ||
| 003 | CL-VaPUC | ||
| 008 | 070124e19670214CL |||||||||||||||||spa|d | ||
| 082 | 0 | 4 | |a 923 |b BAB |2 21 |
| 100 | |a Guzmán Cortés, Leonardo |e author |9 444647 | ||
| 245 | 1 | 0 | |a Notas sobre la austera vida de Don Pascual Baburizza S.: El carácter vigoroso de su raza, su acendrado patriotismo, su devoción al trabajo y su gratitud para Chile |
| 250 | |a 1a. ed | ||
| 300 | |a 132 p | ||
| 942 | |c BK | ||
| 945 | |d 20070124 00:00:00 |a rinostro | ||
| 260 | |a Santiago |b Imprenta Universo |c 1967 | ||
| 500 | |a Front., fotografía de Don Pascual Baburizza S.; mapas e ilustraciones conforme a lo señalado | ||
| 600 | 0 | 7 | |a BABURIZZA SOLETIC, PASCUAL |2 CL-VaPUC |9 510592 |
| 650 | 7 | |a BIOGRAFIA |2 CL-VaPUC |9 504622 | |
| 650 | 7 | |a FILANTROPOS |2 CL-VaPUC |9 510593 | |
| 650 | 0 | |a Yugoslavos |9 510594 | |
| 650 | 0 | |a Historia |9 255047 | |
| 650 | 7 | |a BOMBEROS |2 CL-VaPUC |9 435295 | |
| 650 | 0 | |a Iconografía |9 267998 | |
| 650 | 0 | |a Ilustraciones |9 369481 | |
| 651 | 0 | |a Yugoslavia |9 313912 | |
| 651 | 7 | |a ANTOFAGASTA |2 CL-VaPUC |9 319270 | |
| 651 | 7 | |a PUNTA ARENAS |2 CL-VaPUC |9 314722 | |
| 583 | |a last modification |c 20070124 00:00:00 |k Rodrigo Vera | ||
| 999 | |c 321529 |d 321527 | ||
| 952 | |0 0 |1 0 |4 0 |6 923_000000000000000_BAB_1967 |7 0 |8 X |9 400298 |a FDOBUD |b FDOBUD |d 2019-11-22 |i 1020609 |o 923 BAB 1967 |p 1020609 |r 2019-11-22 |w 2019-11-22 |y BK_X |k BUD | ||